Famous People from Asheville by Picture - Statistics

General Stats
  • This quiz has been taken 16 times
  • The average score is 9 of 90
Answer Stats
Picture Hint Answer % Correct
U.S. Representative (born 1995) Madison Cawthorn
53%
Author / Painter / Socialite (1900-1948) Zelda Fitzgerald
33%
Singer (born 1991) Caleb Johnson
27%
Actor / Comedian / Magician (1952-2018) Harry Anderson
27%
Professional Wrestler (born 1980) Karl Anderson
27%
Rabbi / Activist (1924-2006) Michael Robinson
27%
Basketball Player (born 1950) Roy Williams
27%
Actress / Singer (born 1970) Bellamy Young
20%
Professional Wrestler / Actor (born 1973) Edge
20%
Long Distance Hiker (born 1983) Jennifer Pharr Davis
20%
Singer-Songwriter (born 1990) Luke Combs
20%
Novelist (1900-1938) Thomas Wolfe
20%
Voice Actor / Animator / Producer / Director (born 1970) Adam Reed
13%
Singer-Songwriter (born 1987) Angel Olsen
13%
TV Personality / Model / Miss North Carolina USA (born 1995) Caelynn Miller-Keyes
13%
Baseball Player (born 1987) Cameron Maybin
13%
Professional Wrestler (born 1987) Cash Wheeler
13%
Singer-Songwriter / Reality TV Personality (born 1985) Chase Rice
13%
Actor / Comedian (born 1974) Duncan Trussell
13%
Business Magnate (1850-1927) Edwin Wiley Grove
13%
Professional Wrestler (born 2000) Evan Golden
13%
Artist / Sculptor (born 1955) James Barnhill
13%
Rapper / Singer / Record Producer / Entrepreneur (born 1972) Jermaine Dupri
13%
Baseball Umpire (born 1952) Joe West
13%
Football Player (born 1992) Martese Jackson
13%
Football Player (born 1969) Ray Roberts
13%
Musician (1944-1993) Root Boy Slim
13%
Actress (born 1997) Sierra McCormick
13%
Chef / Sommelier (born 1991) Ashleigh Shanti
7%
Actress / Director (1932-1980) Barbara Loden
7%
U.S. Representative / Prisoner of War / Author (1944-2018) Bill Hendon
7%
Football Player (born 1985) Brett Swain
7%
Baseball Player (1902-1964) Buck Redfern
7%
Basketball Coach & General Manager (born 1963) Buzz Peterson
7%
Actor (born 1977) Chris Chalk
7%
Baseball Player (born 1981) Chris Narveson
7%
Football Player (born 1987) Crezdon Butler
7%
Governor (1906-1986) Dan K. Moore
7%
Baseball Player & Coach (born 1966) Darren Holmes
7%
Musician (born 1946) David Holt
7%
Army Four-Star General (1915-2005) Donald V. Bennett
7%
Physician / Pathologist (1901-1963) Dorothy Hansine Andersen
7%
Actress (1922-2004) Dorothy Hart
7%
Actress (born 1933) Eileen Fulton
7%
Physician (1821-1910) Elizabeth Blackwell
7%
Army Major General (1883-1965) Francis Bowditch Wilby
7%
Evangelist / Missionary (born 1952) Franklin Graham
7%
Author (born 1937) Gail Godwin
7%
Poet / Songwriter (born 1954) Gavin Geoffrey Dillard
7%
Illustrator / Cartoonist (born 1982) Hope Larson
7%
Army Brigadier General (1895-1983) Hugh B. Hester
7%
NASCAR Driver (1936-2021) Jack Ingram
7%
Actress (born 1969) Jennifer Ehle
7%
Marksman (1925-2009) Joe Bowman
7%
Author (1925-2018) John Ehle
7%
Maryland Senator / Lawyer (1928-2018) Joseph Tydings
7%
Early Aviator / Pilot (1892-1916) Kiffin Rockwell
7%
Tennis Player (born 1964) Lawson Duncan
7%
Football Player (born 1974) Leonard Little
7%
State Representative (1894-1925) Lillian Exum Clement
7%
Basketball Player (born 1949) Loyd King
7%
Miss America (born 1942) Maria Fletcher
7%
State Senator (1946-2014) Martin Nesbitt
7%
Harpist (born 1980) Mary Lattimore
7%
Swimmer (1956-2017) Mary Montgomery
7%
Novelist / Journalist / TV Producer (born 1940) Nancy Sales Cash
7%
Actor (born 1976) Paul Schneider
7%
Actress (born 1997) Perla Haney-Jardine
7%
Building Engineer (1842-1908) Rafael Guastavino
7%
Basketball Player (born 1984) Rashad McCants
7%
Basketball Player (born 1986) Rashanda McCants
7%
Football Coach (1905-1958) Red Sanders
7%
Basketball Player (born 1969) Rhonda Mapp
7%
Football Player (born 1998) Rico Dowdle
7%
Air Force Colonel & Command Pilot (1918-2004) Robert K. Morgan
7%
Engineer / Musician (1934-2005) Robert Moog
7%
NASCAR Driver (born 1959) Robert Pressley
7%
U.S. Senator (1884-1963) Robert Rice Reynolds
7%
Baseball Player (1954-2018) Sammy Stewart
7%
Author (born 1971) Sarah Addison Allen
7%
Comedian / Actress (1947-1999) Shirley Hemphill
7%
Stock Car Racer (born 1987) Stephen Leicht
7%
Musician (born 1960) Warren Haynes
7%
Aviator (1915-2013) Dorothy Swain Lewis
0%
Educator (1922-2006) Edythe J. Gaines
0%
Athlete / Coach / Athletic Administrator (1890-1955) Harry Hartsell
0%
Air Force Major General (1919-2015) Homer I. Lewis
0%
Football Player (born 1993) Jeoffrey Pagan
0%
Socialite / Nurse (1881-1930) Madelon Battle Hancock
0%
Musician (born 1973) Tyler Ramsey
0%
No matching quizzes found
Score Distribution
Percent of People with Each Score
Percentile by Number Answered
Your Score History
You have not taken this quiz